000 00576nam a2200181Ia 4500
008 090123s9999 xx 000 0 und d
082 _b39221
100 _aगुरव अनुराधा
245 _aमांडव झाली वेल
250 _a0
260 _bपारस पब्लिकेशन्स
_c2006
300 _a176
600 _aगुरव अनुराधा
630 _aमांडव झाली वेल
700 _aगुरव अनुराधा
730 _aमांडव झाली वेल
942 _cBOOK
999 _c77283
_d77283